00973nam a2200241Ia 4500003000900000008004100009020001800050040001600068080002300084111008300107245027400190260003400464300001300498490003700511650004100548650001500589650001900604650000800623700001800631700002300649700002200672710003700694IN-BaIIA211028s9999 xx 000 0 eng d a3-540-53955-7 cIIA Library a082.2:52bIAU-C130 aColloquium of the International Astronomical UnioncFinlandd1990 July 17 - 20 4aThe sun and cool stars-activity,magnetism,dynamosbproceedings of colloquium No.130 of the International Astronomical Union held in Helsinki, Finland, 17 - 20 July 1990cedited by I. Tuominen, Moss D. and Rudiger G.  aBerlinbSpringer-Verlagc1991 ax, 530p. aLecture notes in physics; v. 380 aAstronomy and Astrophysics Thesaurus aCool Stars aSolar activity aSun aMoss, D., ed. aRudiger, G., ed.  aTuominen, I., ed. aInternational Astronomical Union